[Event "Schleswig Holstein-ch Seniors op 9th"]
[Site "Buesum"]
[Date "2015.09.29"]
[Round "2"]
[White "Neumann, Joachim"]
[Black "Brandt, Fred"]
[Result "1/2-1/2"]
[WhiteElo "2105"]
[BlackElo "1839"]
[PlyCount "44"]
[EventDate "2015.09.28"]
[EventType "swiss"]
[EventRounds "9"]
[EventCountry "GER"]
[SourceTitle "EXT 2018"]
[Source "ChessBase"]
[SourceDate "2017.10.13"]
[SourceVersion "1"]
[SourceVersionDate "2017.10.13"]
[SourceQuality "1"]

1. Nf3 Nf6 2. g3 d5 3. Bg2 e6 4. d4 Bd6 5. 0-0 0-0 6. c4 c6 7. b3 Nbd7 8. Bb2 b6 9. Nbd2 Bb7 10. Ne5 Qc7 11. Nxd7 Qxd7 12. e4 dxe4 13. Nxe4 Nxe4 14. Bxe4 Qe7 15. Qd3 g6 16. Bg2 Rad8 17. Qc3 Qf6 18. Rfe1 Rd7 19. Qc2 Qe7 20. Re2 Ba3 21. Bc3 Bb4 22. Bb2 Ba3 1/2-1/2

[Event "Hessen-ch Seniors op 11th"]
[Site "Bad Sooden-Allendorf"]
[Date "2015.05.14"]
[Round "6"]
[White "Fuhlrott, Heinz"]
[Black "Brandt, Fred"]
[Result "0-1"]
[WhiteElo "1725"]
[BlackElo "1838"]
[PlyCount "80"]
[EventDate "2015.05.09"]
[EventType "swiss"]
[EventRounds "9"]
[EventCountry "GER"]
[SourceTitle "EXT 2018"]
[Source "ChessBase"]
[SourceDate "2017.10.13"]
[SourceVersion "1"]
[SourceVersionDate "2017.10.13"]
[SourceQuality "1"]

1. d4 Nf6 2. Bg5 e6 3. e4 Be7 4. Bd3 d6 5. c3 e5 6. Nf3 Bg4 7. Nbd2 0-0 8. Qb3 Nbd7 9. h3 Bxf3 10. Nxf3 Rb8 11. 0-0 h6 12. Bh4 Nh5 13. Bxe7 Qxe7 14. Rfe1 Nf4 15. Bc2 Qf6 16. Re3 Qg6 17. Ne1 Nf6 18. Rg3 Ne2+ 19. Kh2 Nxg3 20. fxg3 Nh5 21. c4 exd4 22. Qf3 Qg5 23. h4 Qa5 24. Nd3 Qd2 25. Ne1 Nf6 26. Rd1 Qa5 27. Nd3 Qh5 28. Qxh5 Nxh5 29. g4 Nf6 30. Nf2 c5 31. Rd3 Rfe8 32. Rh3 Nd7 33. h5 b5 34. g5 bxc4 35. gxh6 Rxb2 36. hxg7 Rxc2 37. Ng4 Kxg7 38. h6+ Kh7 39. Rf3 Re7 40. e5 dxe5 0-1

[Event "MVP-ch Seniors op 14th"]
[Site "Binz"]
[Date "2014.11.26"]
[Round "2"]
[White "Brandt, Fred"]
[Black "Traut, Alexander"]
[Result "0-1"]
[WhiteElo "1652"]
[BlackElo "1406"]
[PlyCount "89"]
[EventDate "2014.11.25"]
[EventType "swiss"]
[EventRounds "9"]
[EventCountry "GER"]
[SourceTitle "EXT 2016"]
[Source "ChessBase"]
[SourceDate "2015.10.08"]
[SourceVersion "1"]
[SourceVersionDate "2015.10.08"]
[SourceQuality "1"]

1. d4 Nf6 2. Nf3 d5 3. e3 b6 4. c3 Bb7 5. Bd3 h6 6. Nbd2 Nbd7 7. Qc2 e6 8. 0-0 Bd6 9. a4 a6 10. b4 e5 11. dxe5 Nxe5 12. Nxe5 Bxe5 13. f4 Bd6 14. Nf3 Ne4 15. Bb2 f5 16. Rad1 0-0 17. g3 Be7 18. Nd4 Qd7 19. Nf3 Qe6 20. Ne5 Rad8 21. Qe2 g6 22. Bxa6 Bxa6 23. Qxa6 Kh7 24. Qd3 g5 25. Nf3 g4 26. Nd4 Qg6 27. Ra1 c5 28. bxc5 bxc5 29. Nb5 c4 30. Qc2 Bc5 31. Nd4 h5 32. Ba3 h4 33. Bxc5 Nxc5 34. Rab1 Ne4 35. Rb7+ Kg8 36. Kg2 Rf6 37. a5 Qh5 38. Rh1 Rh6 39. Rb6 Rdd6 40. Rxd6 Rxd6 41. Qb2 h3+ 42. Kf1 Qe8 43. Ke2 Qc8 44. Rb1 Rf6 45. Qb5 0-1

[Event "Schleswig Holstein-ch Seniors op"]
[Site "Buesum"]
[Date "2014.09.27"]
[Round "3"]
[White "Moeller, Peter1111"]
[Black "Brandt, Fred"]
[Result "0-1"]
[WhiteElo "1711"]
[BlackElo "1872"]
[PlyCount "64"]
[EventDate "2014.09.25"]
[EventType "swiss"]
[EventRounds "9"]
[EventCountry "GER"]
[SourceTitle "EXT 2018"]
[Source "ChessBase"]
[SourceDate "2017.10.13"]
[SourceVersion "1"]
[SourceVersionDate "2017.10.13"]
[SourceQuality "1"]

1. d4 Nf6 2. c4 e6 3. a3 d5 4. Nc3 c6 5. cxd5 exd5 6. Bf4 Bd6 7. Qd2 0-0 8. Nf3 Bf5 9. Bxd6 Qxd6 10. e3 Nbd7 11. Be2 Rfe8 12. b4 a6 13. Nh4 Be6 14. h3 Ne4 15. Qc2 Ndf6 16. Nf3 Nxc3 17. Qxc3 Ne4 18. Qc2 Bf5 19. Qb3 Qf6 20. 0-0 h5 21. Qb2 g5 22. Ne5 Qh6 23. f3 Ng3 24. Rfe1 f6 25. Nd3 Rxe3 26. Kf2 Rae8 27. Kxg3 Bxd3 28. Kf2 Bxe2 29. Qd2 g4 30. Ra2 gxf3 31. gxf3 Rxf3+ 32. Kg2 Qg6+ 0-1

[Event "MVP-ch Seniors op 13th"]
[Site "Binz"]
[Date "2013.11.28"]
[Round "2"]
[White "Brandt, Fred"]
[Black "Schulz, Hermann"]
[Result "1/2-1/2"]
[WhiteElo "1667"]
[BlackElo "1410"]
[PlyCount "54"]
[EventDate "2013.11.27"]
[EventType "swiss"]
[EventRounds "9"]
[EventCountry "GER"]
[SourceTitle "EXT 2015"]
[Source "ChessBase"]
[SourceDate "2014.11.20"]
[SourceVersion "1"]
[SourceVersionDate "2014.11.20"]
[SourceQuality "1"]

1. d4 Nf6 2. Nf3 e6 3. e3 d5 4. Bd3 Be7 5. Nbd2 Nbd7 6. 0-0 b6 7. b3 Bb7 8. Bb2 0-0 9. c4 Re8 10. cxd5 exd5 11. Qc2 h6 12. Rac1 Bd6 13. Rfe1 Rc8 14. Bf5 Rb8 15. Qd3 Ne4 16. Bxd7 Qxd7 17. Ne5 Qe6 18. f3 Nxd2 19. Qxd2 f6 20. Nd3 Qf7 21. f4 Re7 22. Re2 Rbe8 23. Rce1 Ba6 24. Bc1 Qg6 25. Rd1 Bxd3 26. Qxd3 Qxd3 27. Rxd3 Bxf4 1/2-1/2